Missing Word: '00s Animated Movies Quiz Stats

 Plays Quiz Updated Mar 12, 2019

Score 0/20 Timer 03:00
0 Plays Today
Movie Missing Word % Correct
Finding ____Nemo
97.9%
Kung ____ PandaFu
97.5%
____ & StitchLilo
97.1%
____ , Inc.Monsters
94.7%
Cloudy with a Chance of ____Meatballs
94.6%
____ FeetHappy
93%
The Emperor's New ____Groove
91.7%
The ____ ExpressPolar
91.5%
____ Tunes: Back in ActionLooney
86.8%
The Princess and the ____Frog
86.7%
Movie Missing Word % Correct
Jimmy ____: Boy GeniusNeutron
86.1%
Corpse ____Bride
82.8%
The Road to El ____Dorado
77.3%
Spirited ____Away
77.1%
Over the ____Hedge
68.8%
____ the ThirdShrek
64.1%
____ TaleShark
62.4%
Madagascar: ____ 2 AfricaEscape
55.5%
Ice Age: Dawn of the ____Dinosaurs
53.8%
Meet the ____Robinsons
49.1%

Today's Daily Dose

Missing Word
Banned Books (A-Z)

Word Ladder
Janis Joplin

Get the Picture
Occupations

You're not logged in!

Compare scores with friends on all Sporcle quizzes.
OR
Log In

Sporcle TV

Today on Sporcle TV


Watch our educational content, quiz creation guides, and fun videos on Sporcle TV.

Show Comments

Extras

Top Quizzes Today


Score Distribution

Your Account Isn't Verified!

In order to create a playlist on Sporcle, you need to verify the email address you used during registration. Go to your Sporcle Settings to finish the process.

Report this User

Report this user for behavior that violates our Community Guidelines.

Details: